00381nam a2200157Ia 45000010006000000050017000060080041000230410008000640820018000721000039000902450041001292600009001703000028001796500008002076540008002151121220260306161929.0260306t2015||||xx |||||||||||||| ||spa|| aESP a985.019bH44J aHernández Astete, FranciscoeAUT 0aJuan de Betanzos y el tahuantísuyo c2015 a463 páginas :c24 cm. aGEN aCHU